| 000 | 00589nam a2200205 a 4500 | ||
|---|---|---|---|
| 008 | |||
| 049 | _aMAIN | ||
| 090 | _aQD502 HIL | ||
| 100 | 1 | _aHildebrand, H. Joel | |
| 245 | 1 | 0 |
_aAn Introduction to molecular kinetic theory/ _cJoel H. Hildebrand |
| 260 |
_aLondon. : _bChapman and Hall, _c1963 |
||
| 300 |
_ax, 104 p. : _bill. ; _c20 cm. |
||
| 650 |
_aMolecular _xkinetic theory |
||
| 650 | 1 | _aKinetic energy. | |
| 907 |
_a.b10230646 _b13-02-07 _c13-02-07 |
||
| 003 | |||
| 005 | 20230123134353.0 | ||
| 040 | _cNUST | ||
| 942 |
_cBOOKS _kQD502 HIL |
||
| 999 |
_c164734 _d164734 |
||